[Event "2025 National K-12 Grade Championship"]
[Site "Spokane, WI USA, United States"]
[Date "2025.12.14"]
[Round "7.24"]
[White "Boyer-Olson, Jack"]
[Black "Xu, Olivia"]
[Result "1-0"]
[TimeControl "G/90; d10"]
[WhiteFideId "39967735"]
[BlackFideId "39960919"]
[WhiteElo "2034"]
[BlackElo "1832"]

1. d4 {[%clk 01:30:00]} {[%emt 00:00:03]} d5 {[%clk 01:30:00]} {[%emt
00:00:04]} 2. c4 {[%clk 01:29:39]} {[%emt 00:00:31]} c6 {[%clk 01:30:00]}
{[%emt 00:00:05]} 3. Nf3 {[%clk 01:29:27]} {[%emt 00:00:19]} Nf6 {[%clk
01:29:54]} {[%emt 00:00:20]} 4. g3 {[%clk 01:28:55]} {[%emt 00:00:42]} Bf5
{[%clk 01:29:35]} {[%emt 00:00:29]} 5. Nc3 {[%clk 01:28:55]} {[%emt 00:00:09]}
e6 {[%clk 01:29:09]} {[%emt 00:00:37]} 6. Qb3 {[%clk 01:28:53]} {[%emt
00:00:11]} Qc8 {[%clk 01:27:12]} {[%emt 00:02:09]} 7. Bg2 {[%clk 01:28:02]}
{[%emt 00:00:57]} Bd6 {[%clk 01:26:59]} {[%emt 00:00:25]} 8. O-O {[%clk
01:27:36]} {[%emt 00:00:35]} h6 {[%clk 01:26:51]} {[%emt 00:00:20]} 9. Re1
{[%clk 01:27:12]} {[%emt 00:00:33]} Nbd7 {[%clk 01:25:51]} {[%emt 00:01:10]} 10.
Nd2 {[%clk 01:25:35]} {[%emt 00:01:47]} O-O {[%clk 01:22:26]} {[%emt 00:03:36]}
11. e4 {[%clk 01:19:51]} {[%emt 00:05:53]} dxe4 {[%clk 01:22:21]} {[%emt
00:00:15]} 12. Ndxe4 {[%clk 01:19:26]} {[%emt 00:00:34]} Be7 {[%clk 01:19:36]}
{[%emt 00:02:56]} 13. Bf4 {[%clk 01:19:07]} {[%emt 00:00:29]} Nxe4 {[%clk
01:16:04]} {[%emt 00:03:42]} 14. Nxe4 {[%clk 01:18:35]} {[%emt 00:00:42]} Nf6
{[%clk 01:15:50]} {[%emt 00:00:25]} 15. Bd6 {[%clk 01:07:15]} {[%emt 00:11:28]}
Nxe4 {[%clk 01:04:47]} {[%emt 00:11:14]} 16. Bxe7 {[%clk 01:07:09]} {[%emt
00:00:16]} Re8 {[%clk 01:04:47]} {[%emt 00:00:06]} 17. Bb4 {[%clk 00:52:27]}
{[%emt 00:14:51]} Nf6 {[%clk 01:00:31]} {[%emt 00:04:27]} 18. Rad1 {[%clk
00:51:32]} {[%emt 00:01:03]} Qc7 {[%clk 00:58:02]} {[%emt 00:02:40]} 19. h3
{[%clk 00:48:40]} {[%emt 00:03:01]} Rad8 {[%clk 00:55:43]} {[%emt 00:02:29]} 20.
Bc3 {[%clk 00:47:37]} {[%emt 00:01:13]} Nd7 {[%clk 00:49:42]} {[%emt 00:06:12]}
21. Re3 {[%clk 00:45:38]} {[%emt 00:02:08]} b6 {[%clk 00:43:51]} {[%emt
00:06:01]} 22. Rde1 {[%clk 00:44:54]} {[%emt 00:00:54]} Rf8 {[%clk 00:40:00]}
{[%emt 00:04:02]} 23. Qa4 {[%clk 00:42:27]} {[%emt 00:02:38]} Rc8 {[%clk
00:39:22]} {[%emt 00:00:47]} 24. b3 {[%clk 00:39:21]} {[%emt 00:03:16]} h5
{[%clk 00:34:45]} {[%emt 00:04:48]} 25. Qa3 {[%clk 00:36:56]} {[%emt 00:02:34]}
Rfd8 {[%clk 00:29:41]} {[%emt 00:05:15]} 26. Qb2 {[%clk 00:36:09]} {[%emt
00:00:56]} f6 {[%clk 00:29:00]} {[%emt 00:00:51]} 27. Qe2 {[%clk 00:36:07]}
{[%emt 00:00:11]} c5 {[%clk 00:25:52]} {[%emt 00:03:18]} 28. d5 {[%clk
00:34:37]} {[%emt 00:01:40]} exd5 {[%clk 00:25:40]} {[%emt 00:00:22]} 29. Bxd5+
{[%clk 00:34:35]} {[%emt 00:00:12]} Kh8 {[%clk 00:23:16]} {[%emt 00:02:35]} 30.
Qxh5+ {[%clk 00:34:25]} {[%emt 00:00:18]} Bh7 {[%clk 00:23:16]} {[%emt
00:00:04]} 31. Be4 {[%clk 00:34:19]} {[%emt 00:00:15]} Nf8 {[%clk 00:22:54]}
{[%emt 00:00:33]} 32. Bxh7 {[%clk 00:34:19]} {[%emt 00:00:05]} Nxh7 {[%clk
00:22:15]} {[%emt 00:00:48]} 33. Re8+ {[%clk 00:34:19]} {[%emt 00:00:06]} Rxe8
{[%clk 00:22:01]} {[%emt 00:00:25]} 34. Rxe8+ {[%clk 00:34:19]} {[%emt
00:00:02]} Rxe8 {[%clk 00:22:01]} {[%emt 00:00:05]} 35. Qxe8+ {[%clk 00:34:19]}
{[%emt 00:00:03]} Nf8 {[%clk 00:22:01]} {[%emt 00:00:04]} 36. Qxf8+ {[%clk
00:34:19]} {[%emt 00:00:04]} Kh7 {[%clk 00:22:01]} {[%emt 00:00:03]} 37. Qe8
{[%emt 00:00:18]} a6 {[%clk 00:20:46]} {[%emt 00:01:23]} 38. Qe4+ {[%clk
00:34:13]} {[%emt 00:00:05]} Kg8 {[%clk 00:20:34]} {[%emt 00:00:22]} 39. Qa8+
{[%clk 00:33:50]} {[%emt 00:00:33]} Kh7 {[%clk 00:20:23]} {[%emt 00:00:21]} 40.
Qxa6 {[%clk 00:33:50]} {[%emt 00:00:05]} Qc6 {[%clk 00:18:28]} {[%emt
00:02:06]} 41. Qa3 {[%clk 00:33:43]} {[%emt 00:00:16]} Qf3 {[%clk 00:18:01]}
{[%emt 00:00:38]} 42. Qc1 {[%clk 00:33:43]} {[%emt 00:00:06]} g5 {[%clk
00:17:40]} {[%emt 00:00:33]} 43. Qe3 {[%clk 00:33:35]} {[%emt 00:00:17]} Qf5
{[%clk 00:17:12]} {[%emt 00:00:39]} 44. Qe7+ {[%clk 00:33:25]} {[%emt
00:00:18]} Kg6 {[%clk 00:17:11]} {[%emt 00:00:12]} 45. g4 {[%clk 00:32:47]}
{[%emt 00:00:47]} Qf3 {[%clk 00:16:46]} {[%emt 00:00:35]} 46. Qxf6+ {[%clk
00:32:38]} {[%emt 00:00:20]} Qxf6 {[%clk 00:16:46]} {[%emt 00:00:07]} 47. Bxf6
{[%clk 00:32:38]} {[%emt 00:00:03]} Kxf6 {[%clk 00:16:46]} {[%emt 00:00:02]} 48.
Kg2 {[%clk 00:32:38]} {[%emt 00:00:08]} Ke5 {[%clk 00:16:46]} {[%emt 00:00:03]}
49. Kg3 {[%clk 00:32:36]} {[%emt 00:00:12]} Ke4 {[%clk 00:16:46]} {[%emt
00:00:02]} 50. h4 {[%clk 00:32:32]} {[%emt 00:00:13]} gxh4+ {[%clk 00:16:46]}
{[%emt 00:00:05]} 51. Kxh4 {[%clk 00:32:32]} {[%emt 00:00:05]} Kf3 {[%clk
00:16:46]} {[%emt 00:00:02]} 52. g5 {[%clk 00:32:32]} {[%emt 00:00:05]} Kf4
{[%clk 00:16:46]} {[%emt 00:00:03]} 53. g6 {[%clk 00:32:32]} {[%emt 00:00:05]}
Kf5 {[%clk 00:16:46]} {[%emt 00:00:03]} 54. g7 {[%clk 00:32:32]} {[%emt
00:00:04]} Kf6 {[%clk 00:16:46]} {[%emt 00:00:01]} 55. g8=Q {[%clk 00:32:32]}
{[%emt 00:00:07]} Kf5 {[%clk 00:16:46]} 56. Qd5+ {[%clk 00:32:30]} {[%emt
00:00:10]} Kf4 {[%clk 00:16:46]} {[%emt 00:00:06]} 57. f3 {[%clk 00:32:30]}
{[%emt 00:00:06]} b5 {[%clk 00:16:46]} {[%emt 00:00:03]} 58. Qe4# {[%clk
00:32:29]} {[%emt 00:00:10]} 1-0

[Event "2025 National K-12 Grade Championship"]
[Site "Spokane, WI USA, United States"]
[Date "2025.12.14"]
[Round "7.25"]
[White "Joseph, Alexander"]
[Black "Samanta, Aayansh"]
[Result "1/2-1/2"]
[TimeControl "G/90; d10"]
[WhiteFideId "39946568"]
[BlackFideId "39923290"]
[WhiteElo "1995"]
[BlackElo "2093"]

1. e4 {[%clk 01:30:00]} c5 {[%clk 01:30:00]} {[%emt 00:00:04]} 2. Nf3 {[%clk
01:30:00]} {[%emt 00:00:03]} a6 {[%clk 01:30:00]} {[%emt 00:00:03]} 3. c4
{[%clk 01:30:00]} {[%emt 00:00:04]} Nc6 {[%clk 01:30:00]} {[%emt 00:00:04]} 4.
d4 {[%clk 01:30:00]} {[%emt 00:00:03]} cxd4 {[%clk 01:30:00]} {[%emt 00:00:03]}
5. Nxd4 {[%clk 01:29:59]} {[%emt 00:00:11]} e5 {[%clk 01:30:00]} {[%emt
00:00:04]} 6. Nf5 {[%clk 01:29:53]} {[%emt 00:00:16]} d5 {[%clk 01:30:00]}
{[%emt 00:00:07]} 7. cxd5 {[%clk 01:29:50]} {[%emt 00:00:14]} Bxf5 {[%clk
01:30:00]} {[%emt 00:00:06]} 8. exf5 {[%clk 01:29:50]} {[%emt 00:00:06]} Nd4
{[%clk 01:30:00]} {[%emt 00:00:04]} 9. Nc3 {[%clk 01:29:27]} {[%emt 00:00:32]}
Nf6 {[%clk 01:29:51]} {[%emt 00:00:20]} 10. g4 {[%clk 01:29:27]} {[%emt
00:00:10]} Bb4 {[%clk 01:27:58]} {[%emt 00:02:03]} 11. Bg2 {[%clk 01:29:12]}
{[%emt 00:00:25]} Nxd5 {[%clk 01:24:01]} {[%emt 00:04:08]} 12. Bd2 {[%clk
01:29:11]} {[%emt 00:00:11]} Nf4 {[%clk 01:10:06]} {[%emt 00:14:04]} 13. Bxf4
{[%clk 01:29:11]} {[%emt 00:00:06]} exf4 {[%clk 01:10:06]} {[%emt 00:00:03]} 14.
O-O {[%clk 01:29:11]} {[%emt 00:00:04]} O-O {[%clk 01:07:12]} {[%emt 00:03:04]}
15. Nd5 {[%clk 01:29:11]} {[%emt 00:00:03]} Bc5 {[%emt 00:03:39]} 16. Nxf4
{[%clk 01:27:12]} Qh4 {[%clk 01:05:46]} {[%emt 00:00:16]} 17. Rc1 {[%clk
01:07:05]} {[%emt 00:20:17]} Ba7 {[%clk 01:04:24]} {[%emt 00:01:32]} 18. h3
{[%clk 01:06:05]} {[%emt 00:01:09]} Rad8 {[%clk 01:03:50]} {[%emt 00:00:44]} 19.
Nd5 {[%clk 01:03:50]} {[%emt 00:02:25]} Rfe8 {[%clk 00:54:24]} {[%emt
00:09:36]} 20. Re1 {[%clk 01:03:28]} {[%emt 00:00:33]} h6 {[%clk 00:53:54]}
{[%emt 00:00:40]} 21. Qd2 {[%clk 00:36:42]} {[%emt 00:26:56]} Qxh3 {[%clk
00:41:51]} {[%emt 00:12:12]} 22. Qxd4 {[%clk 00:35:18]} {[%emt 00:01:34]} Rxe1+
{[%clk 00:39:26]} {[%emt 00:02:35]} 23. Rxe1 {[%clk 00:35:18]} {[%emt
00:00:01]} Qxg2+ {[%clk 00:38:38]} {[%emt 00:00:59]} 24. Kxg2 {[%clk 00:35:18]}
{[%emt 00:00:07]} Bxd4 {[%clk 00:38:38]} {[%emt 00:00:05]} 25. Nc3 {[%clk
00:35:02]} {[%emt 00:00:24]} Kf8 {[%clk 00:37:06]} {[%emt 00:01:43]} 26. Rd1
{[%clk 00:33:18]} {[%emt 00:01:42]} Ke7 {[%clk 00:35:37]} {[%emt 00:01:51]} 27.
Kf3 {[%clk 00:32:03]} {[%emt 00:01:25]} Bxc3 {[%clk 00:31:56]} {[%emt
00:03:51]} 28. Rxd8 {[%clk 00:32:03]} {[%emt 00:00:06]} Kxd8 {[%clk 00:31:56]}
29. bxc3 {[%clk 00:32:00]} {[%emt 00:00:13]} Ke7 {[%clk 00:31:56]} {[%emt
00:00:02]} 30. Ke4 {[%clk 00:31:54]} {[%emt 00:00:16]} Kf6 {[%clk 00:31:20]}
{[%emt 00:00:46]} 31. f4 {[%clk 00:30:05]} {[%emt 00:01:59]} g6 {[%clk
00:31:06]} {[%emt 00:00:24]} 32. fxg6 {[%clk 00:30:05]} {[%emt 00:00:05]} fxg6
{[%clk 00:31:06]} {[%emt 00:00:04]} 33. c4 {[%clk 00:29:55]} {[%emt 00:00:19]}
h5 {[%clk 00:30:18]} {[%emt 00:00:59]} 34. Kf3 {[%clk 00:29:55]} 1/2-1/2

[Event "2025 National K-12 Grade Championship"]
[Site "Spokane, WI USA, United States"]
[Date "2025.12.14"]
[Round "7.26"]
[White "Alluri, Samanyu"]
[Black "Katta, Sriansh"]
[Result "1/2-1/2"]
[TimeControl "G/90; d10"]
[WhiteFideId "39926176"]
[BlackFideId "30981034"]
[WhiteElo "2029"]
[BlackElo "2062"]

1. e4 {[%clk 01:30:00]} {[%emt 00:00:08]} c5 {[%clk 01:30:00]} {[%emt
00:00:02]} 2. Nf3 {[%clk 01:30:00]} {[%emt 00:00:05]} Nc6 {[%clk 01:30:00]}
{[%emt 00:00:05]} 3. d4 {[%clk 01:30:00]} {[%emt 00:00:02]} cxd4 {[%clk
01:30:00]} {[%emt 00:00:08]} 4. Nxd4 {[%clk 01:30:00]} {[%emt 00:00:04]} e5
{[%clk 01:30:00]} {[%emt 00:00:03]} 5. Nf5 {[%clk 01:28:59]} {[%emt 00:01:09]}
d5 {[%clk 01:30:00]} {[%emt 00:00:07]} 6. Qxd5 {[%clk 01:28:34]} {[%emt
00:00:34]} Qxd5 {[%clk 01:29:34]} {[%emt 00:00:37]} 7. exd5 {[%clk 01:28:34]}
{[%emt 00:00:06]} Bxf5 {[%clk 01:29:34]} {[%emt 00:00:05]} 8. dxc6 {[%clk
01:28:34]} {[%emt 00:00:08]} bxc6 {[%clk 01:29:34]} {[%emt 00:00:04]} 9. Bd3
{[%clk 01:28:34]} {[%emt 00:00:08]} Bxd3 {[%clk 01:25:46]} {[%emt 00:03:59]} 10.
cxd3 {[%clk 01:28:34]} {[%emt 00:00:06]} Rd8 {[%clk 01:25:21]} {[%emt
00:00:35]} 11. Ke2 {[%clk 01:28:34]} {[%emt 00:00:05]} Nf6 {[%clk 01:24:29]}
{[%emt 00:01:03]} 12. Be3 {[%clk 01:27:58]} {[%emt 00:00:45]} Nd5 {[%clk
01:21:43]} {[%emt 00:02:56]} 13. Nc3 {[%clk 01:26:34]} {[%emt 00:01:34]} Rb8
{[%clk 01:19:36]} {[%emt 00:02:18]} 14. Na4 {[%clk 01:25:54]} {[%emt 00:00:50]}
a5 {[%clk 01:12:37]} {[%emt 00:07:09]} 15. Rhc1 {[%clk 01:25:02]} {[%emt
00:01:00]} Kd7 {[%clk 01:12:37]} {[%emt 00:00:12]} 16. Rc4 {[%clk 01:13:49]}
{[%emt 00:11:23]} Bd6 {[%clk 01:07:38]} {[%emt 00:05:09]} 17. Rac1 {[%clk
01:12:12]} {[%emt 00:01:44]} Rhc8 {[%clk 01:07:38]} {[%emt 00:00:12]} 18. a3
{[%clk 01:06:15]} {[%emt 00:06:07]} h5 {[%clk 00:52:34]} {[%emt 00:15:13]} 19.
g3 {[%clk 01:05:47]} {[%emt 00:00:37]} f5 {[%clk 00:50:32]} {[%emt 00:02:14]}
20. R1c2 {[%clk 01:05:28]} {[%emt 00:00:28]} Rb5 {[%clk 00:46:16]} {[%emt
00:04:27]} 21. Bd2 {[%clk 01:00:38]} {[%emt 00:05:00]} g6 {[%clk 00:38:39]}
{[%emt 00:07:48]} 22. Kd1 {[%clk 00:57:35]} {[%emt 00:03:10]} Rb3 {[%clk
00:33:13]} {[%emt 00:05:36]} 23. Ke2 {[%clk 00:57:21]} {[%emt 00:00:25]} Rb5
{[%clk 00:33:13]} {[%emt 00:00:02]} 24. Be1 {[%clk 00:55:52]} {[%emt 00:01:37]}
g5 {[%clk 00:30:12]} {[%emt 00:03:12]} 25. Bd2 {[%clk 00:51:53]} {[%emt
00:04:10]} g4 {[%clk 00:29:21]} {[%emt 00:01:02]} 26. Kd1 {[%clk 00:51:16]}
{[%emt 00:00:46]} Rb3 {[%clk 00:28:23]} {[%emt 00:01:08]} 27. Ke2 {[%clk
00:51:16]} {[%emt 00:00:06]} Rb5 {[%clk 00:28:23]} 28. Kd1 {[%clk 00:51:16]}
{[%emt 00:00:06]} f4 {[%clk 00:27:43]} {[%emt 00:00:51]} 29. Nc5+ {[%clk
00:50:46]} {[%emt 00:00:40]} Bxc5 {[%clk 00:26:52]} {[%emt 00:01:02]} 30. Rxc5
{[%clk 00:50:46]} {[%emt 00:00:05]} Rb3 {[%clk 00:25:38]} {[%emt 00:01:23]} 31.
Bc3 {[%clk 00:48:36]} {[%emt 00:02:20]} Nxc3+ {[%clk 00:21:26]} {[%emt
00:04:22]} 32. R5xc3 {[%clk 00:48:30]} {[%emt 00:00:16]} Rxc3 {[%clk 00:21:15]}
{[%emt 00:00:21]} 33. Rxc3 {[%clk 00:48:30]} {[%emt 00:00:05]} Kd6 {[%clk
00:21:11]} {[%emt 00:00:13]} 34. Rc4 {[%clk 00:46:51]} {[%emt 00:01:48]} Rf8
{[%clk 00:19:36]} {[%emt 00:01:45]} 35. Ke2 {[%clk 00:40:13]} {[%emt 00:06:47]}
fxg3 {[%clk 00:16:16]} {[%emt 00:03:31]} 36. hxg3 {[%clk 00:40:13]} {[%emt
00:00:05]} Rb8 {[%clk 00:16:16]} {[%emt 00:00:02]} 37. Rc2 {[%clk 00:40:13]}
{[%emt 00:00:07]} Kd5 {[%clk 00:16:07]} {[%emt 00:00:20]} 38. Kd2 {[%clk
00:36:26]} {[%emt 00:03:56]} Rb3 {[%clk 00:15:40]} {[%emt 00:00:37]} 39. Ke2
{[%clk 00:36:12]} {[%emt 00:00:23]} e4 {[%clk 00:12:18]} {[%emt 00:03:33]} 40.
dxe4+ {[%clk 00:36:09]} {[%emt 00:00:13]} Kxe4 {[%clk 00:12:18]} {[%emt
00:00:02]} 41. Rxc6 {[%clk 00:33:30]} {[%emt 00:02:49]} Rxb2+ {[%clk 00:12:18]}
{[%emt 00:00:03]} 42. Kf1 {[%clk 00:33:22]} {[%emt 00:00:16]} Rb5 {[%clk
00:09:56]} {[%emt 00:02:31]} 43. Rc4+ {[%clk 00:33:22]} {[%emt 00:00:07]} Kd3
{[%clk 00:09:56]} {[%emt 00:00:10]} 44. Rf4 {[%clk 00:32:32]} {[%emt 00:01:00]}
Kc2 {[%clk 00:07:40]} {[%emt 00:02:25]} 45. f3 gxf3 {[%clk 00:07:40]} 46. Rxf3
{[%clk 00:29:46]} {[%emt 00:00:06]} Rb3 {[%clk 00:07:33]} {[%emt 00:00:17]} 47.
Rf5 {[%clk 00:29:38]} {[%emt 00:00:18]} a4 {[%clk 00:07:33]} {[%emt 00:00:06]}
48. Rxh5 {[%clk 00:29:37]} {[%emt 00:00:11]} Rxg3 {[%clk 00:07:33]} {[%emt
00:00:01]} 49. Ke2 {[%clk 00:29:06]} {[%emt 00:00:40]} Rxa3 {[%clk 00:07:28]}
{[%emt 00:00:15]} 50. Ra5 {[%clk 00:29:06]} {[%emt 00:00:06]} Ra1 {[%clk
00:06:48]} {[%emt 00:00:50]} 51. Rc5+ {[%clk 00:29:06]} {[%emt 00:00:06]} Kb3
{[%clk 00:06:48]} {[%emt 00:00:06]} 52. Kd2 {[%clk 00:29:06]} {[%emt 00:00:08]}
a3 {[%clk 00:06:43]} {[%emt 00:00:15]} 53. Rc3+ {[%clk 00:28:16]} {[%emt
00:01:00]} Kb4 {[%clk 00:06:25]} {[%emt 00:00:29]} 54. Rc8 {[%clk 00:28:07]}
{[%emt 00:00:19]} Rg1 {[%clk 00:06:01]} {[%emt 00:00:34]} 55. Rb8+ {[%clk
00:27:44]} {[%emt 00:00:33]} Kc4 {[%clk 00:05:54]} {[%emt 00:00:17]} 56. Rc8+
{[%clk 00:27:39]} {[%emt 00:00:15]} Kd5 {[%clk 00:05:29]} {[%emt 00:00:35]} 57.
Rc1 {[%clk 00:26:48]} {[%emt 00:01:02]} Rg2+ {[%clk 00:05:13]} {[%emt
00:00:26]} 58. Kc3 {[%clk 00:26:45]} {[%emt 00:00:13]} Rg3+ {[%clk 00:04:13]}
{[%emt 00:01:10]} 59. Kb4 {[%clk 00:26:40]} {[%emt 00:00:14]} a2 {[%clk
00:02:56]} {[%emt 00:01:27]} 60. Ra1 {[%emt 00:00:16]} 1/2-1/2

[Event "2025 National K-12 Grade Championship"]
[Site "Spokane, WI USA, United States"]
[Date "2025.12.14"]
[Round "7.27"]
[White "Wang, Bo-Yuan"]
[Black "Ye, Brian"]
[Result "0-1"]
[TimeControl "G/90; d10"]
[WhiteFideId "39981517"]
[BlackFideId "39951022"]
[WhiteElo "1434"]
[BlackElo "1887"]

1. Nf3 {[%clk 01:30:00]} {[%emt 00:00:02]} e6 {[%clk 01:30:00]} {[%emt
00:00:05]} 2. g3 {[%clk 01:30:00]} {[%emt 00:00:06]} d5 {[%emt 00:00:08]} 3.
Bg2 {[%clk 01:30:00]} {[%emt 00:00:06]} Nf6 {[%clk 01:30:00]} {[%emt 00:00:05]}
4. O-O {[%clk 01:29:59]} {[%emt 00:00:11]} Bd6 {[%clk 01:29:53]} {[%emt
00:00:18]} 5. d3 {[%clk 01:29:34]} {[%emt 00:00:35]} O-O {[%clk 01:29:52]}
{[%emt 00:00:11]} 6. c4 {[%clk 01:29:20]} {[%emt 00:00:24]} c5 {[%clk
01:29:52]} {[%emt 00:00:07]} 7. Nc3 {[%clk 01:29:17]} {[%emt 00:00:13]} Nc6
{[%clk 01:29:48]} {[%emt 00:00:14]} 8. Bg5 {[%clk 01:29:08]} {[%emt 00:00:19]}
Be7 {[%clk 01:28:23]} {[%emt 00:01:35]} 9. Nd2 {[%clk 01:28:08]} {[%emt
00:01:10]} d4 {[%clk 01:28:04]} {[%emt 00:00:29]} 10. Nce4 {[%clk 01:27:54]}
{[%emt 00:00:24]} Nxe4 {[%clk 01:27:56]} {[%emt 00:00:18]} 11. Bxe7 {[%clk
01:27:52]} {[%emt 00:00:10]} Qxe7 {[%clk 01:27:56]} {[%emt 00:00:04]} 12. Nxe4
{[%clk 01:27:52]} {[%emt 00:00:09]} f5 {[%clk 01:27:48]} {[%emt 00:00:19]} 13.
Nd2 {[%clk 01:27:49]} {[%emt 00:00:13]} e5 {[%clk 01:27:33]} {[%emt 00:00:25]}
14. h3 {[%clk 01:23:20]} {[%emt 00:04:39]} Rf6 {[%clk 01:25:51]} {[%emt
00:01:52]} 15. Qc2 {[%clk 01:19:47]} {[%emt 00:03:44]} b6 {[%clk 01:25:00]}
{[%emt 00:01:01]} 16. Nf3 {[%clk 01:18:31]} {[%emt 00:01:25]} Bb7 {[%clk
01:24:17]} {[%emt 00:00:53]} 17. a3 {[%clk 01:17:04]} {[%emt 00:01:37]} Raf8
{[%clk 01:23:35]} {[%emt 00:00:52]} 18. Ng5 {[%clk 01:15:50]} {[%emt 00:01:24]}
Nd8 {[%clk 01:22:38]} {[%emt 00:01:07]} 19. Rae1 {[%clk 01:09:41]} {[%emt
00:06:19]} Bxg2 {[%clk 01:21:21]} {[%emt 00:01:27]} 20. Kxg2 {[%clk 01:09:41]}
{[%emt 00:00:05]} h6 {[%clk 01:21:21]} {[%emt 00:00:09]} 21. Nf3 {[%clk
01:09:36]} {[%emt 00:00:14]} e4 {[%clk 01:20:43]} {[%emt 00:00:49]} 22. dxe4
{[%clk 01:08:55]} {[%emt 00:00:51]} fxe4 {[%clk 01:20:43]} {[%emt 00:00:05]} 23.
Nd2 {[%clk 01:08:49]} {[%emt 00:00:15]} e3 {[%clk 01:19:34]} {[%emt 00:01:20]}
24. fxe3 {[%clk 01:07:54]} {[%emt 00:01:04]} Qxe3 {[%clk 01:18:54]} {[%emt
00:00:50]} 25. Qd3 {[%clk 01:06:58]} {[%emt 00:01:07]} Rf2+ {[%clk 01:16:55]}
{[%emt 00:02:09]} 26. Kh1 {[%clk 01:06:53]} {[%emt 00:00:15]} Qxd3 {[%clk
01:16:25]} {[%emt 00:00:40]} 27. exd3 {[%clk 01:06:48]} {[%emt 00:00:15]} Rxd2
{[%clk 01:16:25]} {[%emt 00:00:03]} 28. Rg1 {[%clk 01:03:42]} {[%emt 00:03:16]}
Rff2 {[%clk 01:16:03]} {[%emt 00:00:31]} 29. Re8+ {[%clk 01:03:42]} {[%emt
00:00:09]} Kh7 {[%clk 01:16:03]} {[%emt 00:00:04]} 30. Rge1 {[%clk 01:03:42]}
{[%emt 00:00:10]} Nf7 {[%clk 01:15:36]} {[%emt 00:00:36]} 31. Kg1 {[%clk
01:03:13]} {[%emt 00:00:40]} Ng5 {[%clk 01:15:05]} {[%emt 00:00:41]} 32. R8e2
{[%clk 01:02:45]} {[%emt 00:00:37]} Rfxe2 {[%clk 01:15:05]} {[%emt 00:00:05]}
33. Rxe2 {[%clk 01:02:42]} {[%emt 00:00:13]} Rxe2 {[%clk 01:15:05]} {[%emt
00:00:05]} 34. h4 {[%clk 01:02:42]} {[%emt 00:00:06]} Nf3+ {[%clk 01:15:05]}
{[%emt 00:00:07]} 35. Kf1 {[%clk 01:02:42]} {[%emt 00:00:03]} Rxb2 {[%clk
01:15:05]} {[%emt 00:00:07]} 36. a4 {[%clk 01:02:42]} {[%emt 00:00:07]} Ne5
{[%clk 01:15:01]} {[%emt 00:00:14]} 37. a5 {[%clk 01:02:42]} {[%emt 00:00:06]}
bxa5 {[%clk 01:15:01]} {[%emt 00:00:04]} 38. g4 {[%clk 01:02:42]} {[%emt
00:00:05]} a4 {[%clk 01:15:01]} {[%emt 00:00:04]} 39. g5 {[%clk 01:02:42]}
{[%emt 00:00:04]} a3 {[%clk 01:15:01]} {[%emt 00:00:03]} 40. g6+ {[%clk
01:02:42]} {[%emt 00:00:04]} Kg8 {[%clk 01:15:01]} {[%emt 00:00:08]} 41. h5
{[%clk 01:02:42]} {[%emt 00:00:05]} a2 {[%clk 01:15:01]} {[%emt 00:00:05]} 42.
Ke1 {[%clk 01:02:42]} {[%emt 00:00:04]} a1=R# {[%clk 01:15:01]} {[%emt
00:00:08]} 0-1

[Event "2025 National K-12 Grade Championship"]
[Site "Spokane, WI USA, United States"]
[Date "2025.12.14"]
[Round "7.28"]
[White "Mulholland, Max"]
[Black "Salguti, Sai Viraj"]
[Result "1-0"]
[TimeControl "G/90; d10"]
[BlackFideId "39994074"]
[WhiteElo "1824"]
[BlackElo "1469"]

1. e4 {[%clk 01:30:00]} c5 {[%clk 01:29:59]} {[%emt 00:00:12]} 2. c3 {[%clk
01:30:00]} {[%emt 00:00:04]} d6 {[%clk 01:29:38]} {[%emt 00:00:30]} 3. d4
{[%clk 01:30:00]} {[%emt 00:00:07]} e6 {[%clk 01:28:42]} {[%emt 00:01:06]} 4.
Nf3 {[%clk 01:29:45]} {[%emt 00:00:26]} Nf6 {[%clk 01:28:13]} {[%emt 00:00:38]}
5. dxc5 {[%clk 01:29:32]} {[%emt 00:00:24]} Nxe4 {[%clk 01:27:36]} {[%emt
00:00:46]} 6. Qa4+ {[%clk 01:29:32]} {[%emt 00:00:07]} Bd7 {[%clk 01:26:35]}
{[%emt 00:01:09]} 7. Qxe4 {[%clk 01:29:32]} {[%emt 00:00:07]} Bc6 {[%clk
01:26:11]} {[%emt 00:00:33]} 8. Qd3 {[%clk 01:29:15]} {[%emt 00:00:25]} dxc5
{[%clk 01:25:31]} {[%emt 00:00:53]} 9. Qxd8+ {[%clk 01:29:15]} {[%emt
00:00:06]} Kxd8 {[%clk 01:25:27]} {[%emt 00:00:13]} 10. Be3 {[%clk 01:28:22]}
{[%emt 00:01:03]} f6 {[%clk 01:24:35]} {[%emt 00:01:02]} 11. Nbd2 {[%clk
01:27:59]} {[%emt 00:00:32]} g5 {[%clk 01:23:14]} {[%emt 00:01:31]} 12. h3
{[%clk 01:27:31]} {[%emt 00:00:31]} h6 {[%clk 01:22:15]} {[%emt 00:01:14]} 13.
O-O-O {[%clk 01:27:12]} {[%emt 00:00:33]} Kc7 {[%clk 01:21:13]} {[%emt
00:01:07]} 14. Bc4 {[%clk 01:25:54]} {[%emt 00:01:22]} e5 {[%clk 01:20:11]}
{[%emt 00:01:19]} 15. Nb3 {[%clk 01:24:25]} {[%emt 00:01:43]} b5 {[%clk
01:18:29]} {[%emt 00:01:52]} 16. Bd5 {[%clk 01:24:09]} {[%emt 00:00:20]} e4
{[%clk 01:15:06]} {[%emt 00:03:39]} 17. Bxc6 {[%clk 01:23:48]} {[%emt
00:00:31]} Nxc6 {[%clk 01:14:22]} {[%emt 00:00:54]} 18. Nfd2 {[%clk 01:23:40]}
{[%emt 00:00:13]} c4 {[%clk 01:13:52]} {[%emt 00:00:45]} 19. Nd4 {[%clk
01:23:34]} {[%emt 00:00:16]} a6 {[%clk 01:10:09]} {[%emt 00:03:53]} 20. Nxe4
{[%clk 01:23:32]} {[%emt 00:00:12]} Be7 {[%clk 01:08:30]} {[%emt 00:01:48]} 21.
Ne6+ {[%clk 01:22:02]} {[%emt 00:01:41]} Kc8 {[%clk 01:07:29]} {[%emt
00:01:12]} 22. Nd6+ {[%clk 01:21:50]} {[%emt 00:00:21]} Kb8 {[%clk 01:04:46]}
{[%emt 00:02:50]} 23. Nf5 {[%clk 01:21:36]} {[%emt 00:00:27]} Kc8 {[%clk
01:02:18]} {[%emt 00:02:37]} 24. Ned4 {[%clk 01:21:09]} {[%emt 00:00:37]} Nxd4
{[%clk 01:00:15]} {[%emt 00:02:15]} 25. Nxe7+ {[%clk 01:20:58]} {[%emt
00:00:21]} Kd7 {[%clk 00:59:05]} {[%emt 00:01:20]} 26. Nf5 {[%clk 01:20:58]}
{[%emt 00:00:05]} Kc7 {[%clk 00:57:22]} {[%emt 00:01:52]} 27. Bxd4 {[%clk
01:20:52]} {[%emt 00:00:16]} Raf8 {[%clk 00:55:02]} {[%emt 00:02:28]} 28. Rhe1
{[%clk 01:20:46]} {[%emt 00:00:18]} Rh7 {[%clk 00:49:27]} {[%emt 00:05:45]} 29.
Re7+ {[%clk 01:20:30]} {[%emt 00:00:26]} Rxe7 {[%clk 00:49:10]} {[%emt
00:00:27]} 30. Nxe7 {[%clk 01:20:30]} {[%emt 00:00:03]} 1-0